Welcome to CU Library Online Public Access Catalogue (OPAC)

Technology in Action/ (Record no. 477)

MARC details
000 -LEADER
fixed length control field 00588nam a22001937a 4500
005 - DATE AND TIME OF LATEST TRANSACTION
control field 20241031153452.0
008 - FIXED-LENGTH DATA ELEMENTS--GENERAL INFORMATION
fixed length control field 241031b |||||||| |||| 00| 0 eng d
020 ## - INTERNATIONAL STANDARD BOOK NUMBER
International Standard Book Number 9780132253567
050 ## - LIBRARY OF CONGRESS CALL NUMBER
Classification number QA76.5
Item number .E9195
100 ## - MAIN ENTRY--PERSONAL NAME
Personal name Evans, Alan
245 ## - TITLE STATEMENT
Title Technology in Action/
Statement of responsibility, etc. Alan Evans, Kendall Martin & Mary Anne Poatsy
250 ## - EDITION STATEMENT
Edition statement 4th Ed.
260 ## - PUBLICATION, DISTRIBUTION, ETC.
Place of publication, distribution, etc. Upper Saddle River, New Jersey
Name of publisher, distributor, etc. Pearson Prentice Hall
Date of publication, distribution, etc. 2008
300 ## - PHYSICAL DESCRIPTION
Extent xxxi.671p.
Other physical details ill. some color
Dimensions 27.5cm
650 ## - SUBJECT ADDED ENTRY--TOPICAL TERM
Source of heading or term technology
700 ## - ADDED ENTRY--PERSONAL NAME
Personal name Martin, Kendall
700 ## - ADDED ENTRY--PERSONAL NAME
Personal name Poatsy, Mary Anne
942 ## - ADDED ENTRY ELEMENTS (KOHA)
Source of classification or shelving scheme Library of Congress Classification
Koha item type Books
Edition 4th Ed.
Suppress in OPAC No
999 ## -
-- 477
-- 477
Holdings
Withdrawn status Lost status Source of classification or shelving scheme Damaged status Not for loan Collection Home library Current library Shelving location Date acquired Total checkouts Full call number Barcode Date last seen Copy number Price effective from Koha item type
    Library of Congress Classification     Non-fiction Science Library (Miotso) Science Library (Miotso) General stacks 10/31/2024   QA76.5 .E9195 EVA SLM00000280 10/31/2024 1 10/31/2024 Books
© 2023-2024 Copyright: Central University Libraries. All Rights Reserved | Created by: Mahone Tech Office